000
00296nam a2200145Ia 4500
100
_a
RAJPUT/R.K.
650
_a
AUTOMOBILE
942
_c
BK
366
_f
20
245
_a
Automobile engineering
260
_b
LAXMI PUBL.
_a
BENGALURU
082
_a
629.24/RAJ
546
_a
ENGLISH
999
_c
25588
_d
25588